000 00573cam a2200133 4500500
005 20260111091221.0
041 _afre
042 _adc
245 0 0 _aDe Gasperi A., L’Europa. Scritti e discorsi, éd. M.R. De Gasperi, coll. Il Pellicano rosso 21, Brescia, Morcelliana, 2004, 19x12, 213 p., 15 €. ISBN 88-372-1983-0
260 _c2005.
500 _a6
786 0 _nNouvelle revue théologique | 127 | 2 | 2005-03-12 | p. 337s-347s | 0029-4845
856 4 1 _uhttps://shs.cairn.info/revue-nouvelle-revue-theologique-2005-2-page-337s?lang=fr&redirect-ssocas=7080
999 _c1620632
_d1620632